Loading...

Wonderful wonderful times /

Bibliographic Details
Main Author: Jelinek, Elfriede
Language:Undetermined
Published: London : Serpents Tail , 1990.
Subjects:
LEADER 00587nam a2200181Ia 4500
001 141004
008 170722s9999 xx 000 0 und d
020 |a 1852421681 
100 |a Jelinek, Elfriede 
245 |a Wonderful wonderful times / 
260 |a London :  |b Serpents Tail ,  |c 1990. 
300 |a 253, 20cm, f 8.99 
500 |a Tr by Michael Hullse 
653 |a German Novel 
923 |d 20041130  |n RBC-15 
942 |c GEN 
999 |c 129944  |d 129944 
952 |0 0  |1 0  |4 0  |6 O_1133N46A_N0  |7 0  |9 183577  |a LIB  |b LIB  |d 2013-03-25  |e Rainbow Book Publishers  |o O113,3N46,A -N0  |p 255354  |r 2017-08-12  |w 2017-08-12  |y GEN